000 01740nam a2200517 i 4500
001 42067
003 KOSZ 005
005 20221012114417.0
008 030307s2002 pl a |000 0 pol
015 _aUWD 2003/7312
020 _a8373480153
035 _a991020227919705066
035 _a(PL-WaBN)b15484956-48omnis_nlop
035 _ab15484956
035 _a(OCoLC)749263274
035 _azz2003861448
035 _a(PL)b0000001548495
035 _a(EXLNZ-48OMNIS_NETWORK)9910394901605606
040 _aWA N
_cWA N
_dKOSZ 005/HR
041 0 _apol
046 _k2002
080 _a621.01
080 _a620.17
080 _a(075.8)
100 1 _aJózefiak, Lech
_eAutor
245 1 0 _aKonstrukcja i projektowanie urządzeń elektromechanicznych :
_bzagadnienia podstawowe /
_cLech Józefiak, Marek Kochanowski.
260 _aGdańsk :
_bWydawnictwo Politechniki Gdańskiej,
_c2002.
300 _a130, [1] s. :
_bil. ;
_c24 cm.
336 _aTekst
_btxt
_2rdacontent
337 _aBez urządzenia pośredniczącego
_bn
_2rdamedia
338 _aWolumin
_bnc
_2rdacarrier
380 _aKsiążki
388 _a2001-
504 _aBibliogr.
650 7 _a Konstrukcja maszyn i urządzeń
_2DBN
650 7 _aMechanika stosowana
_2DBN
650 7 _aTechnologia
_2DBN
650 7 _aWytrzymałość materiałów
_2DBN
655 7 _aPodręczniki akademickie
_2DBN
658 _aInżynieria i technika
700 1 _aKochanowski, Marek
_eAutor
710 2 _aWydawnictwo Politechniki Gdańskiej
_4pbl
856 _uhttp://koha.tu.koszalin.pl/cgi-bin/koha/opac-detail.pl?biblionumber=42067
_yKatalog online BPK
942 _2UKD
_cKS
999 _c42067
_d42067